000
00399nam a2200133Ia 4500
008
100328s9999 xx 000 0 und d
082
_b
37043
100
_a
राहुल
245
_a
जादू भरा जहर
260
_b
डायमंड पॉकेट बुक्स
630
_a
जादू भरा जहर
730
_a
जादू भरा जहर
942
_c
BOOK
999
_c
526573
_d
526570